[Event "XIII International Chess Festival"]
[Site "Paracin"]
[Date "2020.07.07"]
[Round "6.1"]
[White "Mendonca, Leon Luke"]
[Black "Basso, Pier Luigi"]
[Result "1/2-1/2"]
[BlackElo "2596"]
[WhiteElo "2470"]
[LiveChessVersion "1.4.8"]

1. Nf3 {[%clk 1:30:57]} d5 {[%clk 1:29:04]} 2. g3 {[%clk 1:31:16]} c6
{[%clk 1:27:26]} 3. Bg2 {[%clk 1:31:32]} Bg4 {[%clk 1:27:50]} 4. O-O
{[%clk 1:31:36]} e6 {[%clk 1:28:13]} 5. d3 {[%clk 1:30:52]} Bd6 {[%clk 1:28:05]}
6. e4 {[%clk 1:29:19]} Ne7 {[%clk 1:26:57]} 7. Nbd2 {[%clk 1:25:29]} Nd7
{[%clk 1:25:55]} 8. h3 {[%clk 1:22:22]} Bh5 {[%clk 1:26:19]} 9. Qe1
{[%clk 1:21:20]} O-O {[%clk 1:26:39]} 10. g4 {[%clk 1:13:39]} Bg6
{[%clk 1:26:30]} 11. Nh4 {[%clk 1:13:59]} Bf4 {[%clk 1:18:41]} 12. Nb3
{[%clk 1:09:41]} Bxc1 {[%clk 1:15:51]} 13. Rxc1 {[%clk 1:10:03]} dxe4
{[%clk 1:15:52]} 14. dxe4 {[%clk 0:59:56]} e5 {[%clk 1:14:44]} 15. Nf5
{[%clk 0:58:20]} Bxf5 {[%clk 1:13:11]} 16. exf5 {[%clk 0:57:55]} Qb6
{[%clk 1:08:32]} 17. Rd1 {[%clk 0:54:47]} Rad8 {[%clk 1:07:44]} 18. Qe3
{[%clk 0:52:58]} Qc7 {[%clk 0:43:35]} 19. Rfe1 {[%clk 0:44:40]} Nc8
{[%clk 0:42:58]} 20. a4 {[%clk 0:37:22]} h6 {[%clk 0:41:19]} 21. a5
{[%clk 0:31:48]} Rfe8 {[%clk 0:35:06]} 22. Qc3 {[%clk 0:28:58]} a6
{[%clk 0:34:43]} 23. Rd3 {[%clk 0:26:17]} Re7 {[%clk 0:27:24]} 24. Qd2
{[%clk 0:16:37]} Rde8 {[%clk 0:25:41]} 25. Be4 {[%clk 0:15:04]} Na7
{[%clk 0:21:44]} 26. Rd1 {[%clk 0:12:42]} Nf6 {[%clk 0:22:01]} 27. f3
{[%clk 0:13:00]} Nb5 {[%clk 0:21:00]} 28. c3 {[%clk 0:12:49]} c5 {[%clk 0:19:59]}
29. Rd8 {[%clk 0:10:07]} c4 {[%clk 0:20:08]} 30. Na1 {[%clk 0:08:33]} Qxa5
{[%clk 0:20:07]} 31. Nc2 {[%clk 0:07:59]} Kh7 {[%clk 0:19:54]} 32. Rxe8
{[%clk 0:07:37]} Rxe8 {[%clk 0:20:09]} 33. Ne3 {[%clk 0:07:32]} Qc7
{[%clk 0:19:26]} 34. Kg2 {[%clk 0:05:56]} Kg8 {[%clk 0:19:26]} 35. Nd5
{[%clk 0:03:38]} Nxd5 {[%clk 0:18:45]} 36. Qxd5 {[%clk 0:04:04]} b6
{[%clk 0:18:32]} 37. Qd7 {[%clk 0:03:32]} Kf8 {[%clk 0:15:57]} 38. Qxc7
{[%clk 0:03:02]} Nxc7 {[%clk 0:15:50]} 39. Rd6 {[%clk 0:02:44]} Nb5
{[%clk 0:13:30]} 40. Rxb6 {[%clk 0:01:56]} Rd8 {[%clk 0:13:54]} 41. Kg3
{[%clk 0:01:20]} Rd2 {[%clk 0:13:03]} 42. Rb8+ {[%clk 0:01:08]} Ke7
{[%clk 0:13:24]} 43. Rb7+ {[%clk 0:01:28]} Kf8 {[%clk 0:11:37]} 44. Rb8+
{[%clk 0:00:50]} Ke7 {[%clk 0:12:06]} 45. Rb7+ {[%clk 0:00:55]} Kf8
{[%clk 0:12:35]} 1/2-1/2

[Event "XIII International Chess Festival"]
[Site "Paracin"]
[Date "2020.07.07"]
[Round "6.2"]
[White "Ernst, Sipke"]
[Black "Kosic, Dragan"]
[Result "1/2-1/2"]
[BlackElo "2429"]
[WhiteElo "2540"]
[LiveChessVersion "1.4.8"]

1. d4 {[%clk 1:30:56]} e6 {[%clk 1:30:44]} 2. c4 {[%clk 1:30:42]} Bb4+
{[%clk 1:29:33]} 3. Nd2 {[%clk 1:29:59]} Nf6 {[%clk 1:29:02]} 4. Ngf3
{[%clk 1:29:06]} b6 {[%clk 1:29:00]} 5. e3 {[%clk 1:28:04]} Bb7 {[%clk 1:28:01]}
6. Be2 {[%clk 1:28:17]} O-O {[%clk 1:27:30]} 7. O-O {[%clk 1:28:43]} d5
{[%clk 1:26:18]} 8. a3 {[%clk 1:28:03]} Bd6 {[%clk 1:25:17]} 9. b4
{[%clk 1:27:48]} dxc4 {[%clk 1:23:05]} 10. Nxc4 {[%clk 1:27:59]} Nbd7
{[%clk 1:22:12]} 11. Bb2 {[%clk 1:27:59]} a6 {[%clk 1:17:56]} 12. Nxd6
{[%clk 1:26:18]} cxd6 {[%clk 1:17:54]} 13. Nd2 {[%clk 1:26:42]} Qe7
{[%clk 1:15:27]} 14. a4 {[%clk 1:26:24]} Rfc8 {[%clk 1:14:51]} 15. b5
{[%clk 1:14:39]} axb5 {[%clk 1:09:12]} 16. axb5 {[%clk 1:15:04]} Rxa1
{[%clk 1:07:25]} 17. Bxa1 {[%clk 1:15:30]} Ne4 {[%clk 1:06:17]} 18. Nxe4
{[%clk 1:07:06]} Bxe4 {[%clk 1:06:34]} 19. Bb2 {[%clk 0:58:35]} Qg5
{[%clk 0:56:32]} 20. g3 {[%clk 0:59:01]} Qd5 {[%clk 0:48:32]} 21. f3
{[%clk 0:55:57]} Bc2 {[%clk 0:47:35]} 22. Qc1 {[%clk 0:55:51]} Qb7
{[%clk 0:36:32]} 23. Qd2 {[%clk 0:52:32]} d5 {[%clk 0:36:41]} 24. Rc1
{[%clk 0:46:08]} Bg6 {[%clk 0:36:55]} 25. Rc3 {[%clk 0:45:52]} h5
{[%clk 0:32:37]} 26. Kf2 {[%clk 0:39:51]} Kh7 {[%clk 0:28:14]} 27. Ba3
{[%clk 0:40:07]} Qa8 {[%clk 0:27:46]} 28. Qc1 {[%clk 0:36:16]} Rxc3
{[%clk 0:27:56]} 29. Qxc3 {[%clk 0:36:44]} Qa4 {[%clk 0:28:14]} 30. Bd6
{[%clk 0:36:07]} Qa2 {[%clk 0:24:44]} 31. h3 {[%clk 0:35:18]} Qc2
{[%clk 0:24:34]} 32. Qxc2 {[%clk 0:34:32]} Bxc2 {[%clk 0:24:57]} 33. g4
{[%clk 0:34:32]} hxg4 {[%clk 0:24:49]} 34. hxg4 {[%clk 0:34:58]} g5
{[%clk 0:24:29]} 35. Be7 {[%clk 0:34:56]} f6 {[%clk 0:21:39]} 36. Ke1
{[%clk 0:34:32]} Kg7 {[%clk 0:21:41]} 37. Kd2 {[%clk 0:34:21]} Bg6
{[%clk 0:21:53]} 38. Bd8 {[%clk 0:34:34]} Kf7 {[%clk 0:21:49]} 39. Kc3
{[%clk 0:29:40]} Ke8 {[%clk 0:21:56]} 40. Bc7 {[%clk 0:30:07]} Ke7
{[%clk 0:22:17]} 41. Bf1 {[%clk 0:30:32]} Bh7 {[%clk 0:16:50]} 42. Bg2
{[%clk 0:30:55]} f5 {[%clk 0:16:27]} 43. gxf5 {[%clk 0:29:49]} Bxf5
{[%clk 0:13:11]} 44. e4 {[%clk 0:29:57]} Bg6 {[%clk 0:13:05]} 45. Kd2
{[%clk 0:28:57]} Ke8 {[%clk 0:05:57]} 46. exd5 {[%clk 0:27:35]} exd5
{[%clk 0:06:20]} 47. f4 {[%clk 0:27:57]} gxf4 {[%clk 0:03:08]} 48. Bxd5
{[%clk 0:28:22]} Bf7 {[%clk 0:03:18]} 49. Bc6 {[%clk 0:28:21]} Ke7
{[%clk 0:03:43]} 50. Kd3 {[%clk 0:19:18]} Bg6+ {[%clk 0:02:20]} 51. Kc3
{[%clk 0:19:44]} Bf7 {[%clk 0:02:40]} 52. d5 {[%clk 0:19:01]} Nf6
{[%clk 0:01:58]} 53. Kd4 {[%clk 0:19:05]} f3 {[%clk 0:01:58]} 54. d6+
{[%clk 0:19:09]} Ke6 {[%clk 0:02:23]} 55. Bxf3 {[%clk 0:19:35]} Bh5
{[%clk 0:02:18]} 56. Bg2 {[%clk 0:16:20]} Be2 {[%clk 0:02:43]} 57. Bh3+
{[%clk 0:16:47]} Bg4 {[%clk 0:03:09]} 58. Bf1 {[%clk 0:17:13]} Ne8
{[%clk 0:03:01]} 59. Bxb6 {[%clk 0:15:00]} Nxd6 {[%clk 0:03:26]} 60. Bc5
{[%clk 0:15:25]} Nxb5+ {[%clk 0:03:50]} 61. Bxb5 {[%clk 0:15:52]} Bf3
{[%clk 0:04:04]} 62. Bc6 {[%clk 0:16:16]} Bxc6 1/2-1/2

[Event "XIII International Chess Festival"]
[Site "Paracin"]
[Date "2020.07.07"]
[Round "6.3"]
[White "Cabarkapa, Novak"]
[Black "Krasteva, Beloslava"]
[Result "0-1"]
[BlackElo "2246"]
[WhiteElo "2459"]
[LiveChessVersion "1.4.8"]

1. e4 c5 2. Nf3 d6 3. d4 cxd4 4. Qxd4 a6 5. h3 Nc6 6. Qe3 g6 7. c4 Bg7 8. Be2 Nf6
9. O-O O-O 10. Nc3 Nd7 11. Rd1 Nc5 12. Rb1 a5 13. b3 f5 14. Bb2 fxe4 15. Ng5 Nd3
16. Bxd3 exd3 17. Ne6 Bxe6 18. Qxe6+ Rf7 19. Rxd3 Qc8 20. Qxc8+ Rxc8 21. Ne4 Bxb2
22. Rxb2 Rf4 23. Nc3 Kf8 24. Re3 Rf5 25. Rd2 Re5 26. Rxe5 Nxe5 27. f4 Nd7 28. Kf2
Nc5 29. Ke3 a4 30. Rb2 axb3 31. axb3 Ra8 32. b4 Ne6 33. Nd5 Nd8 34. Ke4 e6 35.
Ne3 Ke7 36. Nc2 Rc8 37. Ne3 Ra8 38. g4 Ra3 39. h4 Nf7 40. Kf3 Rc3 41. Ra2 Rb3 42.
b5 d5 43. cxd5 exd5 44. Rd2 Ke6 45. f5+ gxf5 46. gxf5+ Kf6 47. Rxd5 Ne5+ 48. Ke4
Rb4+ 49. Rd4 Rxd4+ 50. Kxd4 Nf3+ 51. Ke4 Nxh4 52. Kf4 h5 53. Ke4 Kg5 54. b6 Kf6
55. Nd5+ Kf7 56. Nc7 Ke7 57. Kf4 Ng2+ 58. Kg5 h4 59. Nd5+ Kf7 60. Kg4 Ne1 61.
Kxh4 Nf3+ 62. Kg4 Ne5+ 63. Kg5 Nd7 64. Kf4 Kg7 65. Ke4 Kf7 66. Kd4 Kg7 0-1

[Event "XIII International Chess Festival"]
[Site "Paracin"]
[Date "2020.07.07"]
[Round "6.4"]
[White "Ivanovic, Marko"]
[Black "Ratkovic, Miloje"]
[Result "0-1"]
[BlackElo "2456"]
[WhiteElo "2267"]
[LiveChessVersion "1.4.8"]

1. Nf3 {[%clk 1:30:55]} Nf6 {[%clk 1:27:35]} 2. c4 {[%clk 1:31:16]} e6
{[%clk 1:27:17]} 3. g3 {[%clk 1:31:23]} b6 {[%clk 1:24:54]} 4. Bg2
{[%clk 1:31:44]} Bb7 {[%clk 1:25:19]} 5. O-O {[%clk 1:32:06]} g6 {[%clk 1:25:36]}
6. d4 {[%clk 1:21:21]} Bg7 {[%clk 1:25:52]} 7. Nc3 {[%clk 1:21:46]} O-O
{[%clk 1:26:11]} 8. Qc2 {[%clk 1:21:04]} d6 {[%clk 1:22:59]} 9. e4
{[%clk 1:20:34]} Nc6 {[%clk 1:17:24]} 10. a3 {[%clk 1:01:55]} Nd7
{[%clk 1:09:14]} 11. Be3 {[%clk 1:00:19]} e5 {[%clk 1:06:57]} 12. d5
{[%clk 0:55:12]} Nd4 {[%clk 1:03:55]} 13. Bxd4 {[%clk 0:14:21]} exd4
{[%clk 1:04:05]} 14. Nb5 {[%clk 0:14:50]} d3 {[%clk 1:03:48]} 15. Qd2
{[%clk 0:15:09]} Ba6 {[%clk 0:51:12]} 16. Nbd4 {[%clk 0:09:49]} Bxc4
{[%clk 0:43:21]} 17. Rac1 {[%clk 0:10:16]} Ba6 {[%clk 0:40:24]} 18. b4
{[%clk 0:10:42]} Re8 {[%clk 0:32:00]} 19. Rfe1 {[%clk 0:10:51]} Ne5
{[%clk 0:23:32]} 20. Nxe5 {[%clk 0:09:17]} Bxe5 {[%clk 0:23:55]} 21. Nc6
{[%clk 0:09:14]} Qf6 {[%clk 0:22:47]} 22. Nxe5 {[%clk 0:04:57]} Qxe5
{[%clk 0:22:48]} 23. a4 {[%clk 0:04:35]} Qd4 {[%clk 0:13:27]} 24. Qc3
{[%clk 0:04:53]} Qxc3 {[%clk 0:11:50]} 25. Rxc3 {[%clk 0:05:17]} Re7
{[%clk 0:11:24]} 26. b5 {[%clk 0:05:41]} Bc8 {[%clk 0:11:12]} 27. Rxd3
{[%clk 0:05:51]} a6 {[%clk 0:11:35]} 28. Rc3 {[%clk 0:02:29]} axb5
{[%clk 0:11:48]} 29. axb5 {[%clk 0:02:55]} Kf8 {[%clk 0:09:53]} 30. f4
{[%clk 0:01:18]} Ke8 {[%clk 0:07:59]} 31. e5 {[%clk 0:01:29]} Kd8
{[%clk 0:05:17]} 32. Rec1 {[%clk 0:01:42]} Bb7 {[%clk 0:04:51]} 33. h4
{[%clk 0:00:59]} Bc8 {[%clk 0:00:32]} 34. exd6 {[%clk 0:01:10]} cxd6
{[%clk 0:00:50]} 35. Rc6 {[%clk 0:01:28]} Rd7 {[%clk 0:00:55]} 36. f5
{[%clk 0:01:23]} Bb7 {[%clk 0:00:51]} 37. Rxb6 {[%clk 0:01:47]} Rc8
{[%clk 0:00:35]} 38. Rcc6 {[%clk 0:00:35]} Bxc6 {[%clk 0:00:50]} 39. dxc6
{[%clk 0:00:54]} Ra7 {[%clk 0:00:51]} 40. f6 {[%clk 0:00:38]} Kc7
{[%clk 0:01:05]} 41. Rb7+ {[%clk 0:00:45]} Rxb7 {[%clk 0:01:24]} 42. cxb7
{[%clk 0:01:14]} Re8 {[%clk 0:00:37]} 43. g4 {[%clk 0:01:34]} Re5
{[%clk 0:00:57]} 44. Bc6 {[%clk 0:01:47]} d5 {[%clk 0:01:15]} 45. Kf2
{[%clk 0:02:14]} d4 {[%clk 0:01:35]} 0-1

[Event "XIII International Chess Festival"]
[Site "Paracin"]
[Date "2020.07.07"]
[Round "6.5"]
[White "Damjanovic, Vuk"]
[Black "Ratkovic, Milovan"]
[Result "1/2-1/2"]
[BlackElo "2435"]
[WhiteElo "2208"]
[LiveChessVersion "1.4.8"]

1. Nf3 {[%clk 1:30:30]} Nf6 {[%clk 1:28:18]} 2. c4 {[%clk 1:30:36]} g6
{[%clk 1:28:38]} 3. g3 {[%clk 1:30:40]} Bg7 {[%clk 1:29:02]} 4. Bg2
{[%clk 1:31:04]} O-O {[%clk 1:29:23]} 5. O-O {[%clk 1:31:26]} d6 {[%clk 1:29:41]}
6. Nc3 {[%clk 1:30:31]} Nc6 {[%clk 1:28:32]} 7. d3 {[%clk 1:30:01]} e5
{[%clk 1:28:39]} 8. Bg5 {[%clk 1:29:38]} h6 {[%clk 1:27:42]} 9. Bxf6
{[%clk 1:29:59]} Bxf6 {[%clk 1:26:57]} 10. Rb1 {[%clk 1:30:17]} Bg7
{[%clk 1:26:05]} 11. b4 {[%clk 1:30:20]} Be6 {[%clk 1:21:25]} 12. b5
{[%clk 1:29:10]} Ne7 {[%clk 1:18:44]} 13. Qc2 {[%clk 1:25:18]} Qd7
{[%clk 1:14:28]} 14. Nd2 {[%clk 1:22:39]} c6 {[%clk 1:08:25]} 15. Rfc1
{[%clk 1:22:25]} c5 {[%clk 1:02:01]} 16. Nd5 {[%clk 1:16:14]} Nxd5
{[%clk 0:53:46]} 17. cxd5 {[%clk 1:13:15]} Bh3 {[%clk 0:52:31]} 18. Nc4
{[%clk 1:12:20]} Bxg2 {[%clk 0:49:48]} 19. Kxg2 {[%clk 1:12:47]} f5
{[%clk 0:50:12]} 20. f3 {[%clk 1:13:04]} Kh7 {[%clk 0:50:37]} 1/2-1/2

[Event "XIII International Chess Festival"]
[Site "Paracin"]
[Date "2020.07.07"]
[Round "6.6"]
[White "Stanojevic, Ilija"]
[Black "Stankovic, Milos"]
[Result "0-1"]
[BlackElo "2454"]
[WhiteElo "2220"]
[LiveChessVersion "1.4.8"]

1. Nf3 Nf6 2. c4 e6 3. Nc3 d5 4. cxd5 exd5 5. d4 c6 6. Bg5 Be7 7. e3 O-O 8. Bd3
Re8 9. Qc2 h6 10. Bh4 Ne4 11. Bxe7 Qxe7 12. Bxe4 dxe4 13. Nd2 Bf5 14. O-O-O Na6
15. a3 Bg6 16. Kb1 Nc7 17. Rc1 Rad8 18. Qa4 a6 19. Nb3 Ne6 20. Qa5 Qh4 21. Rc2
Qg4 22. g3 Qh3 23. Qb6 Rd7 24. Nc5 Nxc5 25. Qxc5 Qg2 26. Rd1 Qxh2 27. d5 Qh5 28.
Rcd2 Qe5 29. Qb6 cxd5 30. Rxd5 Rxd5 31. Rxd5 Qe7 32. a4 Rc8 33. Qd4 Qe6 34. a5
Kh7 35. Rd6 Qf5 36. Qb4 Rc5 37. Rd2 Qc8 38. Qb6 Rc6 39. Rd8 Qc7 40. Qxc7 Rxc7 41.
Nd5 Rc4 42. b3 Rc6 43. Kb2 Bf5 44. Ne7 Rc5 45. b4 Re5 46. Nxf5 Rxf5 47. Rd7 Rxf2+
48. Kc3 Rf3 49. Kd4 Rxg3 50. Kxe4 Rg4+ 51. Kf3 Rxb4 52. Rxf7 Kg6 53. Rd7 Kf6 54.
Rd6+ Ke7 55. Rg6 Kf7 56. Rd6 h5 57. Kg3 g5 58. Rh6 h4+ 59. Kh3 Re4 60. Rb6 Rxe3+
61. Kg4 Re5 62. Rxb7+ Ke8 63. Rh7 Rxa5 64. Ra7 Kd8 65. Rh7 Re5 0-1

[Event "XIII International Chess Festival"]
[Site "Paracin"]
[Date "2020.07.07"]
[Round "6.7"]
[White "Kisic, Jovan"]
[Black "Abramovic, Bosko"]
[Result "1/2-1/2"]
[BlackElo "2351"]
[WhiteElo "1903"]
[LiveChessVersion "1.4.8"]

1. Nf3 {[%clk 1:30:57]} Nf6 {[%clk 1:17:56]} 2. c4 {[%clk 1:31:14]} e6
{[%clk 1:17:51]} 3. g3 {[%clk 1:30:40]} b6 {[%clk 1:15:47]} 4. Bg2
{[%clk 1:30:45]} Bb7 {[%clk 1:16:12]} 5. b3 {[%clk 1:30:40]} Be7 {[%clk 1:16:17]}
6. Bb2 {[%clk 1:30:38]} O-O {[%clk 1:16:36]} 7. O-O {[%clk 1:31:01]} d5
{[%clk 1:16:55]} 8. d4 {[%clk 1:30:49]} Nbd7 {[%clk 1:16:53]} 9. Nbd2
{[%clk 1:30:43]} c5 {[%clk 1:16:58]} 10. e3 {[%clk 1:30:55]} Rc8 {[%clk 1:17:11]}
11. Rc1 {[%clk 1:31:00]} Rc7 {[%clk 1:17:14]} 12. dxc5 {[%clk 1:27:48]} Nxc5
{[%clk 1:16:59]} 13. Ne5 {[%clk 1:28:02]} Qc8 {[%clk 1:14:48]} 14. cxd5
{[%clk 1:27:15]} Bxd5 {[%clk 1:14:36]} 15. Ndf3 {[%clk 1:26:37]} a5
{[%clk 1:12:41]} 16. Qe2 {[%clk 1:25:12]} Qb7 {[%clk 1:13:02]} 17. Rfd1
{[%clk 1:21:05]} Rfc8 {[%clk 1:13:27]} 18. Ne1 {[%clk 1:14:25]} Bxg2
{[%clk 1:12:43]} 19. Nxg2 {[%clk 1:14:47]} b5 {[%clk 1:13:06]} 20. Qf3
{[%clk 1:14:21]} Qxf3 {[%clk 1:12:12]} 21. Nxf3 {[%clk 1:14:45]} Nce4
{[%clk 1:11:44]} 22. Nd4 {[%clk 1:13:10]} b4 {[%clk 1:11:56]} 23. Rxc7
{[%clk 1:10:10]} Rxc7 {[%clk 1:12:25]} 24. Rc1 {[%clk 1:08:28]} Rxc1+
{[%clk 1:01:37]} 25. Bxc1 {[%clk 1:08:52]} Nc3 {[%clk 1:01:59]} 26. Bb2
{[%clk 1:08:51]} Nxa2 {[%clk 1:00:10]} 27. Nc6 {[%clk 1:09:14]} Kf8
{[%clk 0:59:55]} 28. Nxa5 {[%clk 1:09:36]} Ne4 {[%clk 0:59:58]} 29. Nf4
{[%clk 1:09:06]} g5 {[%clk 0:58:49]} 30. Nd3 {[%clk 1:09:15]} g4 {[%clk 0:59:00]}
31. Kg2 {[%clk 1:08:07]} h5 {[%clk 0:58:48]} 32. f3 {[%clk 1:05:26]} Nd2
{[%clk 0:58:43]} 33. fxg4 {[%clk 1:04:54]} hxg4 {[%clk 0:59:12]} 34. h3
{[%clk 1:01:04]} gxh3+ {[%clk 0:58:44]} 35. Kxh3 {[%clk 1:01:29]} f6
{[%clk 0:59:04]} 36. g4 {[%clk 0:59:21]} e5 {[%clk 0:59:16]} 37. Nc6
{[%clk 0:56:04]} Bd6 {[%clk 0:58:43]} 38. Na5 {[%clk 0:56:08]} Ke7
{[%clk 0:58:53]} 39. g5 {[%clk 0:53:32]} fxg5 {[%clk 0:58:45]} 40. Bxe5
{[%clk 0:53:08]} Nf1 {[%clk 0:56:28]} 41. Nc6+ {[%clk 0:51:52]} Kd7
{[%clk 0:56:51]} 42. Bxd6 {[%clk 0:52:15]} Kxd6 {[%clk 0:56:43]} 43. Ncxb4
{[%clk 0:52:32]} Nxb4 {[%clk 0:57:04]} 44. Nxb4 {[%clk 0:52:58]} Nxe3
{[%clk 0:57:30]} 1/2-1/2

[Event "XIII International Chess Festival"]
[Site "Paracin"]
[Date "2020.07.07"]
[Round "6.11"]
[White "Radovanovic, Nikola"]
[Black "Sredojevic, Ivan"]
[Result "1/2-1/2"]
[BlackElo "2239"]
[WhiteElo "2389"]
[LiveChessVersion "1.4.8"]

1. e4 {[%clk 1:27:57]} d5 {[%clk 1:30:09]} 2. exd5 {[%clk 1:28:14]} Qxd5
{[%clk 1:30:32]} 3. Nf3 {[%clk 1:26:26]} Nf6 {[%clk 1:30:52]} 4. Be2
{[%clk 1:25:38]} c6 {[%clk 1:30:42]} 5. O-O {[%clk 1:25:46]} Bg4 {[%clk 1:21:07]}
6. d4 {[%clk 1:25:11]} e6 {[%clk 1:19:44]} 7. c4 {[%clk 1:25:12]} Qd6
{[%clk 1:20:07]} 8. Nc3 {[%clk 1:24:31]} Nbd7 {[%clk 1:20:21]} 9. Be3
{[%clk 1:19:32]} Be7 {[%clk 1:16:09]} 10. Qd2 {[%clk 1:13:33]} Qc7
{[%clk 1:05:27]} 11. h3 {[%clk 0:45:34]} Bxf3 {[%clk 0:57:07]} 12. Bxf3
{[%clk 0:45:58]} O-O {[%clk 0:57:33]} 13. Rfd1 {[%clk 0:41:46]} Rfd8
{[%clk 0:53:22]} 14. Qe2 {[%clk 0:33:20]} Re8 {[%clk 0:46:25]} 15. Qc2
{[%clk 0:26:15]} Rac8 {[%clk 0:44:44]} 16. Rac1 {[%clk 0:26:06]} a6
{[%clk 0:44:41]} 17. Qb1 {[%clk 0:20:40]} Bd6 {[%clk 0:40:07]} 18. b4
{[%clk 0:17:49]} 1/2-1/2

[Event "XIII International Chess Festival"]
[Site "Paracin"]
[Date "2020.07.07"]
[Round "6.12"]
[White "Martic, Ivan"]
[Black "Tosic, Nebojsa"]
[Result "1-0"]
[BlackElo "2096"]
[WhiteElo "2386"]
[LiveChessVersion "1.4.8"]

1. Nf3 {[%clk 1:30:56]} Nf6 {[%clk 1:29:50]} 2. c4 {[%clk 1:30:42]} e6
{[%clk 1:29:22]} 3. Nc3 {[%clk 1:29:32]} d5 {[%clk 1:28:29]} 4. d4
{[%clk 1:29:36]} c5 {[%clk 1:21:41]} 5. cxd5 {[%clk 1:28:33]} exd5
{[%clk 1:17:51]} 6. Bg5 {[%clk 1:26:45]} cxd4 {[%clk 1:16:12]} 7. Bxf6
{[%clk 1:22:30]} Qxf6 {[%clk 1:10:52]} 8. Qxd4 {[%clk 1:22:32]} Be6
{[%clk 1:03:55]} 9. Qxf6 {[%clk 1:21:00]} gxf6 {[%clk 1:04:23]} 10. e3
{[%clk 1:14:44]} Nc6 {[%clk 1:00:39]} 11. Bb5 {[%clk 1:13:44]} O-O-O
{[%clk 0:53:44]} 12. O-O {[%clk 1:09:02]} Kb8 {[%clk 0:39:38]} 13. Rfd1
{[%clk 1:05:58]} Bc5 {[%clk 0:35:02]} 14. Bxc6 {[%clk 1:00:39]} bxc6
{[%clk 0:35:14]} 15. b4 {[%clk 1:00:14]} Bb6 {[%clk 0:34:16]} 16. Nd4
{[%clk 1:00:03]} Kb7 {[%clk 0:32:16]} 17. Na4 {[%clk 0:59:54]} Bd7
{[%clk 0:30:36]} 18. Rac1 {[%clk 0:59:37]} Rc8 {[%clk 0:24:05]} 19. Nc5+
{[%clk 0:54:58]} Kc7 {[%clk 0:23:19]} 20. Ndb3 {[%clk 0:43:54]} Rhg8
{[%clk 0:20:57]} 21. Rd2 {[%clk 0:40:12]} Kd6 {[%clk 0:16:57]} 22. Rdc2
{[%clk 0:36:40]} Be8 {[%clk 0:10:45]} 23. a3 {[%clk 0:35:22]} Bxc5
{[%clk 0:08:01]} 24. Rxc5 {[%clk 0:35:22]} Rb8 {[%clk 0:07:14]} 25. Ra5
{[%clk 0:30:55]} Rb7 {[%clk 0:05:15]} 26. f3 {[%clk 0:30:39]} Bd7
{[%clk 0:05:08]} 27. Kf2 {[%clk 0:30:44]} h5 {[%clk 0:03:48]} 28. h4
{[%clk 0:30:01]} f5 {[%clk 0:03:39]} 29. Ra6 {[%clk 0:29:01]} Ra8
{[%clk 0:03:39]} 30. Rc5 {[%clk 0:28:53]} Rb6 {[%clk 0:03:29]} 31. Rca5
{[%clk 0:28:33]} Rxa6 {[%clk 0:03:37]} 32. Rxa6 {[%clk 0:28:57]} Bc8
{[%clk 0:03:47]} 33. Ra5 {[%clk 0:29:21]} a6 {[%clk 0:02:41]} 34. Kg3
{[%clk 0:29:11]} Ke5 {[%clk 0:02:38]} 35. Rc5 {[%clk 0:29:05]} Bd7
{[%clk 0:02:14]} 36. Na5 {[%clk 0:28:51]} Rc8 {[%clk 0:02:04]} 37. Nc4+
{[%clk 0:28:25]} Ke6 {[%clk 0:02:32]} 38. Nb2 {[%clk 0:28:33]} Rg8+
{[%clk 0:02:20]} 39. Kf2 {[%clk 0:28:56]} Rg6 {[%clk 0:02:12]} 40. Nd3
{[%clk 0:28:57]} Kd6 {[%clk 0:02:21]} 41. Ra5 {[%clk 0:28:52]} Bc8
{[%clk 0:02:49]} 42. Nc5 {[%clk 0:28:55]} Rg8 {[%clk 0:01:45]} 43. Nxa6
{[%clk 0:29:01]} Re8 {[%clk 0:01:31]} 44. Nc5 {[%clk 0:29:20]} d4
{[%clk 0:01:14]} 45. exd4 {[%clk 0:28:22]} Kd5 {[%clk 0:01:44]} 46. Ne4+
{[%clk 0:27:41]} Kxd4 {[%clk 0:01:14]} 47. Nd6 {[%clk 0:27:58]} Rd8
{[%clk 0:01:40]} 48. Nxc8 {[%clk 0:27:12]} Rxc8 {[%clk 0:02:10]} 49. Rxf5
{[%clk 0:27:28]} Rf8 {[%clk 0:02:07]} 50. Rxh5 {[%clk 0:26:48]} f5
{[%clk 0:02:36]} 51. Kg3 {[%clk 0:25:43]} Ke3 {[%clk 0:02:46]} 52. Rg5
{[%clk 0:24:40]} f4+ {[%clk 0:02:27]} 53. Kg4 {[%clk 0:24:42]} Kf2
{[%clk 0:02:55]} 54. Rf5 {[%clk 0:24:17]} Rh8 {[%clk 0:03:09]} 55. h5
{[%clk 0:23:48]} Ke3 {[%clk 0:02:02]} 56. Re5+ {[%clk 0:23:58]} 1-0

[Event "XIII International Chess Festival"]
[Site "Paracin"]
[Date "2020.07.07"]
[Round "6.14"]
[White "Mitev, Valentin"]
[Black "Katic, Goran"]
[Result "1-0"]
[BlackElo "1967"]
[WhiteElo "2240"]
[LiveChessVersion "1.4.8"]

1. d4 {[%clk 1:30:59]} g6 {[%clk 1:24:49]} 2. e4 {[%clk 1:31:16]} Bg7
{[%clk 1:25:10]} 3. Nc3 {[%clk 1:31:38]} a6 {[%clk 1:25:32]} 4. f4
{[%clk 1:32:00]} d5 {[%clk 1:22:46]} 5. Nxd5 {[%clk 1:29:37]} e6 {[%clk 1:22:13]}
6. Nc3 {[%clk 1:29:55]} Bxd4 {[%clk 1:20:36]} 7. Nge2 {[%clk 1:29:53]} Bxc3+
{[%clk 1:12:09]} 8. Nxc3 {[%clk 1:30:18]} Qxd1+ {[%clk 1:12:32]} 9. Nxd1
{[%clk 1:30:45]} Ne7 {[%clk 1:12:52]} 10. b3 {[%clk 1:22:15]} Nd7
{[%clk 1:03:09]} 11. Bb2 {[%clk 1:20:30]} f6 {[%clk 1:03:04]} 12. g4
{[%clk 1:15:31]} Rf8 {[%clk 0:51:58]} 13. Be2 {[%clk 1:10:40]} Nc6
{[%clk 0:46:34]} 14. Ne3 {[%clk 1:10:14]} g5 {[%clk 0:43:45]} 15. f5
{[%clk 1:08:50]} Nde5 {[%clk 0:42:45]} 16. h4 {[%clk 1:07:11]} h6
{[%clk 0:38:23]} 17. hxg5 {[%clk 1:07:05]} hxg5 {[%clk 0:38:51]} 18. Ba3
{[%clk 1:05:18]} Rg8 {[%clk 0:37:36]} 19. Rh7 {[%clk 1:05:32]} Nf7
{[%clk 0:28:09]} 20. Bc4 {[%clk 1:03:33]} Ncd8 {[%clk 0:28:13]} 21. O-O-O
{[%clk 1:03:21]} c6 {[%clk 0:25:47]} 22. Rxd8+ {[%clk 1:03:09]} Rh8 1-0